China, Korea an Taiwan (Record no. 1080920)

MARC details
000 -LEADER
fixed length control field 00824nam a2200277Ia 4500
003 - CONTROL NUMBER IDENTIFIER
control field OSt
005 - DATE AND TIME OF LATEST TRANSACTION
control field 20221006144823.0
008 - FIXED-LENGTH DATA ELEMENTS--GENERAL INFORMATION
fixed length control field 221006b |||||||| |||| 00| 0 eng d
020 ## - INTERNATIONAL STANDARD BOOK NUMBER
International Standard Book Number 9781858982533
-- 400.00 (each)
037 ## - SOURCE OF ACQUISITION
Terms of availability Textual
040 ## - CATALOGING SOURCE
Original cataloging agency EASL
Transcribing agency EASL
Language of cataloging eng
041 ## - LANGUAGE CODE
Source of code eng
Language code of text/sound track or separate title eng
100 ## - MAIN ENTRY--PERSONAL NAME
Personal name RAVENHILL John Ed.
245 #0 - TITLE STATEMENT
Title China, Korea an Taiwan
260 ## - PUBLICATION, DISTRIBUTION, ETC.
Place of publication, distribution, etc. Aldershot
Name of publisher, distributor, etc. Elgar Reference Collection UK
Date of publication, distribution, etc. 1995
300 ## - PHYSICAL DESCRIPTION
Extent 597+619p.
Dimensions cm.
490 ## - SERIES STATEMENT
Volume/sequential designation V.2KEL
Series statement The Political Economy of East Asia 2
650 ## - SUBJECT ADDED ENTRY--TOPICAL TERM
Topical term or geographic name entry element KEL
650 ## - SUBJECT ADDED ENTRY--TOPICAL TERM
Topical term or geographic name entry element Korea - China - Taiwan - Economic Policy
9 (RLIN) 652968
942 ## - ADDED ENTRY ELEMENTS (KOHA)
Classification part V41:19495.N94, N5.
Koha item type Textual
Source of classification or shelving scheme Colon Classification (CC)
Holdings
Withdrawn status Lost status Source of classification or shelving scheme Damaged status Not for loan Home library Current library Date acquired Serial Enumeration / chronology Total Checkouts Full call number Barcode Date last seen Price effective from Koha item type
    Colon Classification (CC)     Department of East Asian Studies Library Department of East Asian Studies Library 2022-10-06 V.2KEL   V41:19495.N94 N5. EA1012316 2022-10-06 2022-10-06 Textual
Copyright @ Delhi University Library System